[Event "Goch op 23rd"]
[Site "Goch"]
[Date "2012.09.02"]
[Round "7"]
[White "Schlaeger, Joerg"]
[Black "Rudi, Erwin"]
[Result "1/2-1/2"]
[WhiteElo "1499"]
[BlackElo "1385"]
[PlyCount "77"]
[EventDate "2012.08.30"]
[EventType "swiss"]
[EventRounds "7"]
[EventCountry "GER"]
[SourceTitle "EXT 2015"]
[Source "ChessBase"]
[SourceDate "2014.11.20"]
[SourceVersion "1"]
[SourceVersionDate "2014.11.20"]
[SourceQuality "1"]

1. Nf3 Nf6 2. g3 e6 3. c4 d5 4. Bg2 Be7 5. 0-0 0-0 6. b3 b6 7. Bb2 Bb7 8. Qc2 Nbd7 9. d3 c5 10. cxd5 Nxd5 11. Nc3 Nxc3 12. Bxc3 Bf6 13. Rac1 Rc8 14. Rfd1 Qe7 15. Qb2 Rfd8 16. d4 cxd4 17. Bxd4 Bxd4 18. Qxd4 Nc5 19. Qb4 Rxd1+ 20. Rxd1 Rd8 21. Rxd8+ Qxd8 22. Qd2 Qxd2 23. Nxd2 Bxg2 24. Kxg2 Kf8 25. Kf3 Ke7 26. Ne4 Nxe4 27. Kxe4 Kd6 28. Kd4 e5+ 29. Kc4 Kc6 30. b4 b5+ 31. Kd3 f5 32. e4 g6 33. f4 Kd6 34. exf5 gxf5 35. fxe5+ Kxe5 36. Ke3 Kd5 37. Kd3 Ke5 38. Ke3 Kd5 39. Kd3 1/2-1/2

[Event "Goch op 23rd"]
[Site "Goch"]
[Date "2012.09.01"]
[Round "4"]
[White "Biryukov, Alexei"]
[Black "Rudi, Erwin"]
[Result "0-1"]
[WhiteElo "1635"]
[BlackElo "1385"]
[PlyCount "48"]
[EventDate "2012.08.30"]
[EventType "swiss"]
[EventRounds "7"]
[EventCountry "GER"]
[SourceTitle "EXT 2015"]
[Source "ChessBase"]
[SourceDate "2014.11.20"]
[SourceVersion "1"]
[SourceVersionDate "2014.11.20"]
[SourceQuality "1"]

1. e4 e5 2. Nf3 Nc6 3. Nc3 Bc5 4. Be2 Nge7 5. Na4 Bb6 6. Nxb6 axb6 7. d4 exd4 8. Nxd4 0-0 9. 0-0 Ra4 10. c3 Nxd4 11. cxd4 Ra8 12. b3 d5 13. f3 Nc6 14. Bb2 Be6 15. e5 f6 16. f4 f5 17. a4 Rc8 18. g4 Qh4 19. g5 h6 20. gxh6 gxh6 21. Bc3 Kh7 22. Be1 Rg8+ 23. Kh1 Qh3 24. Rf3 Qg2# 0-1

[Event "Goch op 23rd"]
[Site "Goch"]
[Date "2012.08.31"]
[Round "3"]
[White "Rudi, Erwin"]
[Black "Romkes, Abel"]
[Result "0-1"]
[WhiteElo "1385"]
[BlackElo "1853"]
[PlyCount "40"]
[EventDate "2012.08.30"]
[EventType "swiss"]
[EventRounds "7"]
[EventCountry "GER"]
[SourceTitle "EXT 2015"]
[Source "ChessBase"]
[SourceDate "2014.11.20"]
[SourceVersion "1"]
[SourceVersionDate "2014.11.20"]
[SourceQuality "1"]

1. e4 c6 2. Nc3 d5 3. exd5 cxd5 4. d4 Nf6 5. h3 Bf5 6. Nf3 Nc6 7. Bd3 Bxd3 8. Qxd3 e6 9. Bg5 Be7 10. Ne2 Rc8 11. c3 0-0 12. 0-0 a6 13. Nd2 Qb6 14. Nb3 a5 15. a4 Qxb3 16. f3 Qb6 17. Qb5 Qa6 18. Ra2 Na7 19. Qxa6 bxa6 20. b3 Rb8 0-1